000 00701nam a22001937a 4500
005 20251108173702.0
008 250721s2007 xx 000 0 ara d
082 1 4 _a720.1019/حسن
100 1 _aحسن، الحارث عبد الحميد
_eمؤلف
245 1 0 _aاللغة السيكولوجية في العمارة : المدخل في علم النفس المعماري /
264 1 _aدمشق :
_bصفحات للدراسات و النشر،
_c2007.
300 _a446 ص.
650 1 7 _aالفنون الجميلة
650 1 7 _aالهندسة المعمارية
650 1 7 _aعلم النفس
650 1 7 _aالمهندسون المعماريون
942 _2ddc
_cBK
999 _c109911
_d109911